Holzbau mit System : Tragkonstruktion und Schichtaubau /

Gespeichert in:
Bibliographische Detailangaben
Hauptverfasser: Kolb, Josef (Verfasst von), Kolb, Hanspeter (Verfasst von), Müller, Andreas (Verfasst von)
Format: Buch
Sprache:Deutsch
Veröffentlicht: Zürich : Lignum, Holzwirtschaft Schweiz 2024
Basel : Birkhäauser,
Ausgabe:4. úplne prepracované vydanie
Schlagworte:
Tags: Tag hinzufügen
Keine Tags, Fügen Sie das erste Tag hinzu!

MARC

LEADER 00000nam a22000003a 4500
001 0112213
003 SK-STU
005 20241107115429.4
007 ta
008 241107s ----xo-----e------000-0-----d
020 |a 978-3-0356-2643-8 
040 |a STU  |b slo 
041 0 |a ger 
044 |a sz 
100 1 |a Kolb, Josef  |4 aut 
245 1 0 |a Holzbau mit System :  |b Tragkonstruktion und Schichtaubau /  |c aut. Josef Kolb, Hanspeter Kolb, Andreas Müller 
250 |a 4. úplne prepracované vydanie 
260 |a Zürich :  |b Lignum, Holzwirtschaft Schweiz 
260 |a Basel :  |b Birkhäauser,  |c 2024 
300 |a 488 s. 
650 0 7 |a drevostavby 
650 0 7 |a drevené konštrukcie 
650 0 7 |a nosné konštrukcie 
650 0 7 |a steny 
650 0 7 |a strechy 
700 1 |a Kolb, Hanspeter  |4 aut 
700 1 |a Müller, Andreas  |4 aut 
996 |b 284AU10271  |c A* 13545/U  |l AAKNST  |s P  |a 0  |w 0112213_0001